ბათუმის შოთა რუსთაველის სახელმწიფო უნივერსიტეტის ბიბლიოთეკა

Tempus @ 20. Двадцать лет программе Tempus : (ბიბ.ჩანაწერი № 42361)

000 -LEADER
fixed length control field 00891nam a2200241Ia 4500
001 - CONTROL NUMBER
control field 9057
003 - CONTROL NUMBER IDENTIFIER
control field GE_BSU
005 - DATE AND TIME OF LATEST TRANSACTION
control field 20230317100428.0
008 - FIXED-LENGTH DATA ELEMENTS--GENERAL INFORMATION
fixed length control field 181216s2011||||ru |||||||||||||| ||rus||
020 ## - INTERNATIONAL STANDARD BOOK NUMBER
International Standard Book Number 9789292011659
040 ## - CATALOGING SOURCE
Transcribing agency GE_BSU
041 ## - LANGUAGE CODE
Language code of text/sound track or separate title rus
080 ## - UNIVERSAL DECIMAL CLASSIFICATION NUMBER
Universal Decimal Classification number 378 М-15
100 ## - MAIN ENTRY--PERSONAL NAME
Personal name Маккеи, Ройзин
9 (RLIN) 17219
245 ## - TITLE STATEMENT
Title Tempus @ 20. Двадцать лет программе Tempus :
Remainder of title Ретроспективный обзор 1990-2010 /
Statement of responsibility, etc. Раизин Маккеиб, Филиппе Руффиоб, Пииа Хейнямяки.
264 ## - PRODUCTION, PUBLICATION, DISTRIBUTION, MANUFACTURE, AND COPYRIGHT NOTICE
Place of production, publication, distribution, manufacture Люксембург,
Date of production, publication, distribution, manufacture, or copyright notice 2011ю
300 ## - PHYSICAL DESCRIPTION
Extent 55стр.;
Other physical details 28см.
653 ## - INDEX TERM--UNCONTROLLED
keyword Tempus
653 ## - INDEX TERM--UNCONTROLLED
keyword ტემპუსის პროგრამა
700 ## - ADDED ENTRY--PERSONAL NAME
Personal name Руффио, Филиппе
Relator term ავტორი
9 (RLIN) 17220
700 ## - ADDED ENTRY--PERSONAL NAME
Personal name Хейнямяки, Пииа
Relator term ავტორი
9 (RLIN) 17221
942 ## - ADDED ENTRY ELEMENTS (KOHA)
Koha item type წიგნი
Source of classification or shelving scheme
ეგზემპლარები
Withdrawn status Lost status Source of classification or shelving scheme Damaged status Not for loan Permanent Location Current Location Shelving location Date acquired Cost, normal purchase price Full call number Barcode Date last seen Copy number Price effective from Koha item type Public note
          ბათუმის შოთა რუსთაველის სახელმწიფო უნივერსიტეტის მთავარი ბიბლიოთეკა ბათუმის შოთა რუსთაველის სახელმწიფო უნივერსიტეტის მთავარი ბიბლიოთეკა წიგნსაცავი 2018-12-17 7.00 378 М-15 3455 2018-12-17 3455 2018-12-17 წიგნი 7 ლ.
          ბათუმის შოთა რუსთაველის სახელმწიფო უნივერსიტეტის მთავარი ბიბლიოთეკა ბათუმის შოთა რუსთაველის სახელმწიფო უნივერსიტეტის მთავარი ბიბლიოთეკა წიგნსაცავი 2018-12-17 7.00 378 М-15 3456 2018-12-17 3456 2018-12-17 წიგნი 7 ლ.
          ბათუმის შოთა რუსთაველის სახელმწიფო უნივერსიტეტის მთავარი ბიბლიოთეკა ბათუმის შოთა რუსთაველის სახელმწიფო უნივერსიტეტის მთავარი ბიბლიოთეკა წიგნსაცავი 2018-12-17 7.00 378 М-15 3457 2018-12-17 3457 2018-12-17 წიგნი 7 ლ.
          ბათუმის შოთა რუსთაველის სახელმწიფო უნივერსიტეტის მთავარი ბიბლიოთეკა ბათუმის შოთა რუსთაველის სახელმწიფო უნივერსიტეტის მთავარი ბიბლიოთეკა წიგნსაცავი 2018-12-17 7.00 378 М-15 3458 2018-12-17 3458 2018-12-17 წიგნი 7 ლ.
          ბათუმის შოთა რუსთაველის სახელმწიფო უნივერსიტეტის მთავარი ბიბლიოთეკა ბათუმის შოთა რუსთაველის სახელმწიფო უნივერსიტეტის მთავარი ბიბლიოთეკა წიგნსაცავი 2018-12-17 7.00 378 М-15 3459 2018-12-17 3459 2018-12-17 წიგნი 7 ლ.